Hoàn thiện thể chế và tăng cường năng lực bảo tồn đa dạng sinh học tại các khu bảo vệ = Institutional strengthening and capacity building for biodiversity conservation in protection areas

Sparad:
Bibliografiska uppgifter
Huvudupphovsman: Nguyễn Cử
Materialtyp: Bok
Språk:Undetermined
Publicerad: H. Nông Nghiệp 2002
Ämnen:
Taggar: Lägg till en tagg
Inga taggar, Lägg till första taggen!
Thư viện lưu trữ: Trung tâm Học liệu Trường Đại học Cần Thơ
LEADER 00747nam a2200193Ia 4500
001 CTU_58474
008 210402s9999 xx 000 0 und d
082 |a 658.408 
082 |b C550 
100 |a Nguyễn Cử 
245 0 |a Hoàn thiện thể chế và tăng cường năng lực bảo tồn đa dạng sinh học tại các khu bảo vệ = 
245 0 |b Institutional strengthening and capacity building for biodiversity conservation in protection areas 
245 0 |c Nguyễn Cử 
260 |a H. 
260 |b Nông Nghiệp 
260 |c 2002 
650 |a biological diversity conservation,conservation of natural resources 
904 |i Minh 
980 |a Trung tâm Học liệu Trường Đại học Cần Thơ